[Event "Norway Chess op"]
[Site "Stavanger"]
[Date "2024.05.25"]
[Round "3"]
[White "Lilliehook, Victor"]
[Black "Bekmukhanov, Sauran"]
[Result "1-0"]
[WhiteElo "1928"]
[BlackElo "1844"]
[PlyCount "101"]
[EventDate "2024.05.24"]
[EventType "swiss"]
[EventRounds "9"]
[EventCountry "NOR"]
[SourceTitle "CBM 220 Extra"]
[Source "ChessBase"]
[SourceDate "2024.07.31"]
[SourceVersion "1"]
[SourceVersionDate "2024.07.31"]
[SourceQuality "1"]

1. e4 e5 2. Nf3 Nc6 3. Bc4 Bc5 4. d3 Nf6 5. a4 a5 6. 0-0 d6 7. c3 Bg4 8. Nbd2 0-0 9. Re1 d5 10. exd5 Nxd5 11. h3 Bh5 12. Ne4 Bb6 13. Ng3 Bg6 14. Bg5 Qd6 15. Qb3 Nf6 16. Rad1 h6 17. Ne4 Nxe4 18. dxe4 Qc5 19. Be3 Qe7 20. Bxb6 cxb6 21. Qxb6 Rfd8 22. Bd5 Rd6 23. Qc5 Re8 24. Qxd6 Qxd6 25. Bxf7+ Bxf7 26. Rxd6 Bb3 27. Rd7 Rb8 28. Nd2 Bxa4 29. Rd5 Ne7 30. Rxe5 Ng6 31. Rxa5 Bc6 32. g3 Rd8 33. Nb3 b6 34. Ra6 Ne5 35. Kg2 Nd3 36. Re3 Rf8 37. Rxb6 Rxf2+ 38. Kg1 Bxe4 39. Rxe4 Rxb2 40. Rb7 Nf2 41. Re8+ Kh7 42. h4 Nh3+ 43. Kf1 Kg6 44. Re6+ Kh5 45. Rb5+ Kg4 46. Rg6+ Ng5 47. hxg5 h5 48. Nd4 Ra2 49. Ne2 Kh3 50. Rb4 h4 51. Rxh4# 1-0

[Event "DEN-ch sf2"]
[Site "Svendborg"]
[Date "2024.03.29"]
[Round "1"]
[White "Bekmukhanov, Sauran"]
[Black "Ramsdal, Mikkel"]
[Result "1/2-1/2"]
[WhiteElo "1862"]
[BlackElo "1882"]
[PlyCount "100"]
[EventDate "2024.03.29"]
[EventType "swiss"]
[EventRounds "7"]
[EventCountry "DEN"]
[SourceTitle "CBM 219 Extra"]
[Source "ChessBase"]
[SourceDate "2024.05.31"]
[SourceVersion "1"]
[SourceVersionDate "2024.05.31"]
[SourceQuality "1"]

1. e4 c5 2. Nf3 d6 3. d4 cxd4 4. Nxd4 Nf6 5. Nc3 Nc6 6. Be2 g6 7. 0-0 Bg7 8. Be3 a6 9. f4 Bd7 10. Qd2 b5 11. a3 0-0 12. f5 Ne5 13. h3 Nc4 14. Bxc4 bxc4 15. Rad1 Rb8 16. Qe2 Qc8 17. Bf4 Rxb2 18. fxg6 fxg6 19. e5 dxe5 20. Bxe5 Qc5 21. Kh1 Rb7 22. Bxf6 Bxf6 23. Qe4 Rfb8 24. Nd5 Kg7 25. Nxf6 exf6 26. Qe6 Qe5 27. Qxc4 Bb5 28. Nxb5 axb5 29. Qc6 Rb6 30. Qd7+ Kh6 31. Rfe1 Qc3 32. Re7 Rh8 33. Qg4 g5 34. Qf5 Qxa3 35. Rdd7 Qc1+ 36. Kh2 Qf4+ 37. Qxf4 gxf4 38. Re4 Kg5 39. Rd5+ Kg6 40. Rxf4 Rc8 41. Rg4+ Kf7 42. Rb4 Rxc2 43. Rbxb5 Re6 44. Rb7+ Kg6 45. Rd3 Re5 46. h4 h5 47. Rg3+ Kf5 48. Rf3+ Kg6 49. Rb6 Rf5 50. Rg3+ Kf7 1/2-1/2

[Event "DEN-ch U10 rapid"]
[Site "Odense"]
[Date "2022.09.30"]
[Round "4"]
[White "Bekmukhanov, Sauran"]
[Black "Skytte, Robert"]
[Result "0-1"]
[WhiteElo "1500"]
[BlackElo "1616"]
[PlyCount "184"]
[EventDate "2022.09.30"]
[EventType "swiss"]
[EventRounds "7"]
[EventCountry "DEN"]
[SourceTitle "EXT 2024"]
[Source "ChessBase"]
[SourceDate "2023.10.10"]
[SourceVersion "1"]
[SourceVersionDate "2023.10.10"]
[SourceQuality "1"]

1. e4 c5 2. Nf3 d6 3. d4 cxd4 4. Nxd4 Nf6 5. Nc3 a6 6. Be3 e5 7. Nb3 Be7 8. f3 Be6 9. Bd3 Nbd7 10. 0-0 b5 11. Kh1 Rc8 12. Qd2 Qc7 13. f4 0-0 14. f5 Bc4 15. Rf3 Bxd3 16. cxd3 b4 17. Ne2 d5 18. exd5 Nxd5 19. Rc1 Qb7 20. Rff1 h6 21. Na5 Rxc1 22. Rxc1 Qb5 23. Nc6 Rc8 24. Nxe7+ Nxe7 25. Rxc8+ Nxc8 26. h3 Nd6 27. Ng3 Qa4 28. b3 Qb5 29. Qc2 Kf8 30. Qc7 Ke7 31. Ne4 Nxe4 32. dxe4 h5 33. Kh2 Ke8 34. Qd6 Qe2 35. Bc5 Nxc5 36. Qxe5+ Kd7 37. Qd5+ Ke8 38. Qe5+ Kd8 39. Qxc5 Qxe4 40. Qd6+ Ke8 41. Qxa6 Qe5+ 42. g3 Qxf5 43. Qc6+ Qd7 44. Qe4+ Qe7 45. Qa8+ Kd7 46. Qa4+ Ke6 47. Qc6+ Qd6 48. Qc4+ Kf6 49. Qe2 g6 50. Kg2 Qd5+ 51. Kf2 Qe5 52. Qc4 Qb2+ 53. Ke3 Qe5+ 54. Kf3 Qf5+ 55. Kg2 Qa5 56. Qd4+ Ke6 57. Qe4+ Kd6 58. Kf3 Qd5 59. Ke3 Qg5+ 60. Kd4 Qxg3 61. Qd5+ Ke7 62. Qb7+ Kd8 63. Qd5+ Kc7 64. Qxf7+ Kb8 65. Qe8+ Kb7 66. Qb5+ Kc8 67. Qc6+ Kd8 68. Qd5+ Ke7 69. Qe4+ Kf6 70. Qc6+ Kg7 71. Qb7+ Kh6 72. Qxb4 Qf4+ 73. Kc5 Qxb4+ 74. Kxb4 g5 75. a4 g4 76. hxg4 h4 77. a5 h3 78. a6 h2 79. Ka5 h1Q 80. b4 Qc6 81. b5 Qc7+ 82. Kb4 Kg5 83. Kb3 Kxg4 84. Kb4 Kf4 85. Ka3 Qa5+ 86. Kb3 Qxb5+ 87. Ka2 Qxa6+ 88. Kb1 Qe2 89. Kc1 Ke3 90. Kb1 Kd3 91. Ka1 Kc3 92. Kb1 Qb2# 0-1

[Event "Wch U10"]
[Site "Batumi"]
[Date "2022.09.19"]
[Round "4"]
[White "Varosyan, Hayk"]
[Black "Bekmukhanov, Sauran"]
[Result "0-1"]
[WhiteElo "1156"]
[BlackElo "1500"]
[PlyCount "29"]
[EventDate "2022.09.16"]
[EventType "swiss"]
[EventRounds "11"]
[EventCountry "GEO"]
[SourceTitle "EXT 2023"]
[Source "ChessBase"]
[SourceDate "2022.10.05"]
[SourceVersion "1"]
[SourceVersionDate "2022.10.05"]
[SourceQuality "1"]

1. c4 e5 2. Nc3 Nf6 3. Nf3 Nc6 4. e4 Bc5 5. Nxe5 Nxe5 6. d4 Bxd4 7. Qxd4 Nc6 8. Qd1 d6 9. Be2 Be6 10. Be3 h6 11. 0-0 0-0 12. Rb1 Nh7 13. b4 f5 14. exf5 Bxf5 15. Bd3 0-1